00736 2200241 4500001002100000005001700021008004100038020002200079035002500101040001200126082001000138084002000148090002000168100002600188245010800214250001100322260004000333300004700373500002700420650002300447700001200470850001200482INLIS00000000000144720150126141715.0  a978-602-9018-31-8 a0010-011500000000087 aYOPDYOG a616.1 aDEP 616.1 IWa A aDEP 616.1 IWa A aI WAYAN SUDARTA, 1960 aAsuhan keperawatan klien dengan gangguan sistem cardiovaskulerc/ I Wayan Sudarta ; ilustrasi, Andy GP. aCet.1. aYogyakartabGosyen Publishingc2013 aviii, 118 hlm.b: ilus.c; 20 cm. (2 eks.) aBibliografi : hlm. 118 aJantung - Penyakit aAndy GP aYOPDYOG